00305nam a2200133Ia 45000030006000000080041000060400015000471000019000622450026000812600031001073000006001385460010001440050017001540STCL150530s9999 xx 000 0 und d aSTCLcSTCL aSoorya Narayan aKahani Kar Kamalaswar bPanch Sheel ; Jaipurc1977 a0 aHindi20220125171255.0